[Event "COL-ch visually impaired 2nd"]
[Site "Cali"]
[Date "2008.10.26"]
[Round "4.13"]
[White "Restrepo, Edwin"]
[Black "Castellanos, Jesus Maria"]
[Result "0-1"]
[WhiteElo "1600"]
[BlackElo "1600"]
[PlyCount "46"]
[EventDate "2008.10.25"]
[EventType "swiss"]
[EventRounds "7"]
[EventCountry "COL"]
[SourceTitle "EXT 2024"]
[Source "ChessBase"]
[SourceDate "2023.10.10"]
[SourceVersion "1"]
[SourceVersionDate "2023.10.10"]
[SourceQuality "1"]

1. e4 e5 2. Nf3 Nc6 3. Bc4 Nf6 4. Nc3 a6 5. Ng5 d5 6. Bb3 Be6 7. exd5 Nxd5 8. Nce4 f5 9. Bxd5 Bxd5 10. Qh5+ g6 11. Qf3 Bxe4 12. Nxe4 Nd4 13. Qd3 fxe4 14. Qxe4 Qf6 15. c3 Rd8 16. cxd4 Rxd4 17. Qe3 Bc5 18. 0-0 0-0 19. b3 b6 20. Bb2 Rf4 21. Qg3 Bxf2+ 22. Rxf2 Rxf2 23. Qxf2 Qxf2+ 0-1